00263nam a2200097Ia 4500008004100000082001800041100001900059245005600078260002100134300001000155210430s9999 xx 000 0 und d a636.085 K451F aDr.Khan M.laiq aFundamentals of Animals Nutrition /cDr.Khan M.laiq aFaisalabadc2000 a118p.